| 000 | 00899nam a22002291 4500 | ||
|---|---|---|---|
| 001 | 114489 | ||
| 003 | ES-MaACL | ||
| 005 | 20250716090843.0 | ||
| 007 | t| | ||
| 008 | 070302s1967 sp ||||0| spa d | ||
| 016 | 7 | _zIND9600754993 | |
| 040 |
_aM-BN _bspa _cCDM |
||
| 080 | _a266.5 | ||
| 111 | 2 |
_aReunión de Amigos Españoles de la Ciudad Católica ( _n5ª. _d1966. _cEl Paular, Madrid) _9948 |
|
| 245 | 1 | 0 |
_aPuntos básicos para la acción de los seglares en el mundo _b: (comunicaciones de la segunda jornada de la V Reunión de los amigos españoles de la Ciudad Católica.-El Paular, 29, 30 y 31 Octubre 1966) / _cGermán Alvarez de Sotomayor [y otros]. |
| 260 |
_aMadrid : _bSpeiro, _c1967. |
||
| 300 |
_a73 p. ; _c21 cm. |
||
| 650 | 1 | 4 |
_aApostolado seglar _99923 |
| 700 | 1 |
_aAlvarez de Sotomayor, Germán. _920776 |
|
| 852 |
_aES-MaACL _jC-32064 _bR.62656 |
||
| 999 |
_c114489 _d114489 |
||